Developing Data Structured Databases

Saved in:
Bibliographic Details
Format: Book
Language:English
Published: Englewood Cliffs Prentice-Hall 1987
Edition:1. ed.
Tags: Add Tag
No Tags, Be the first to tag this record!

MARC

LEADER 00000nam a2200000 4500
001 c028707
005 20221219115654.0
041 0 |a eng 
044 |a US 
245 1 0 |a Developing Data Structured Databases 
250 |a 1. ed. 
264 1 |a Englewood Cliffs  |b Prentice-Hall  |c 1987 
300 |a 226 s.